000
00328nam a22001457a 4500
003
SGT
082
_a
617.6342
_b
P12G
100
_a
GOPIKRISHNA,V
245
_a
PRECLINICAL MANUAL OF CONSERATIVE DENTISTRY
250
_a
1ST
260
_a
DELHI
_b
ELSEVIER
300
_a
521
650
_a
CONSERVATIVE DENTISTRY
942
_2
ddc
_c
BK
_0
3
999
_c
9541
_d
9541